Gambling Games Quiz - Statistics

General Stats
  • This quiz has been taken 172 times
  • The average score is 4 of 7
Answer Stats
Hint Answer % Correct
a gambling card game in which players try to acquire cards with a face value as close as possible to 21 without going ove blackjack
98%
a gambling game in which players bet on which compartment of a revolving wheel a small ball will come to rest in roulette
92%
a game in which players aim to match the numbers that someone calls out with the numbers on a card that they have been given bingo
43%
a Chinese game played, usually by four people, with 136 or 144 rectangular pieces called tiles. mahjong
39%
a type of gambling in which people bet on a number or a series of numbers being chosen as the winner. lottery
38%
a gambling card game in which players hold two- or three-card hands, the winning hand being that giving the highest remainder when its face value is divided by ten. baccarat
33%
a Japanese pinball game played on a vertical machine in which slots struck by the player's ball release other balls that in turn are exchanged for noncash prizes. pachinko
19%
No matching quizzes found
Score Distribution
Percent of People with Each Score
Percentile by Number Answered
Your Score History
You have not taken this quiz